000 00644nam a22001817a 4500
999 _c62503
_d62503
003 Ge_BSU
005 20241119140134.0
008 241119s1955 ge ||||| |||| 00| 0 geo d
041 _ageo
080 _a616-006.6-084 ვ-43
100 _aვეფხვაძე, კ
_923673
245 _aკიბო და მისი პროფილაქტიკა /
_c კ. ვეფხვაძე.
264 _aთბილისი :
_bსაქმედგამი,
_c1955.
300 _a19 გვ. ;
_b22 სმ.
653 _aკიბოს პროფილაქტიკა
653 _aმედიცინა
942 _2udc
_cBK